Caballo de Troya /
Esta novela-testimonio, uno de los mayores éxitos editoriales españoles de todos los tiempos, pone al descubierto la llamada "Operación Caballo de Troya", uno de esos proyectos supersecretos que las grandes potencias llevan a cabo a espaldas de la opinión pública. El autor tuvo acceso a la...
Guardado en:
| Autor Principal: | |
|---|---|
| Formato: | Libro |
| Idioma: | Undetermined |
| Publicado: |
Barcelona :
RBA,
c1993.
|
| Series: | Grandes éxitos ;
5 |
| Materias: | |
| Etiquetas: |
Agregar Etiqueta
Sin Etiquetas, Sea el primero en etiquetar este registro!
|
| LEADER | 00992nam a22001815a 4500 | ||
|---|---|---|---|
| 001 | CEM.cems024412 | ||
| 008 | 241216s1993####sp############000#0#und#d | ||
| 005 | 20241216145851.0 | ||
| 245 | 1 | 0 | |a Caballo de Troya / |c J. J. Benítez. |
| 260 | |a Barcelona : |b RBA, |c c1993. | ||
| 300 | |a 559 p. | ||
| 490 | 1 | |a Grandes éxitos ; |v 5 | |
| 520 | |a Esta novela-testimonio, uno de los mayores éxitos editoriales españoles de todos los tiempos, pone al descubierto la llamada "Operación Caballo de Troya", uno de esos proyectos supersecretos que las grandes potencias llevan a cabo a espaldas de la opinión pública. El autor tuvo acceso a la documentación "confidencial" sobre el caso y en ella se basa para narrarnos, en un estilo ágil y directo, un sinfín de peripecias que conducen a un desconcertante e inquietante final. | ||
| 020 | |a 8447301419 | ||
| 100 | 1 | |a Benítez, J. J. | |
| 653 | |a Literatura española | ||
| 653 | |a Novela española | ||
| 859 | |a CEMS |b BIB. CEMS - 11 de abril |h 863.9 |i B437 |p 29678.24 |t Ej.1 | ||
